000 00535nam a22002177a 4500
003 UA-OsUOA
001 38110
007 ta
008 20060426b un ||||| |||| 00| 0 ukr d
100 _aЛегкий Зіновій
090 _a82
_bЛ11
942 _cSA
040 _aUA-OsUOA
_bukr
_cUA-OsUOA
_dUA-OsUOA
245 _aТарасові страсті
300 _a26-76 с.
955 _a0
041 _aukr
080 _a82
773 0 _w38108
650 7 _a82 Література. Літературознавство
_2UDC
999 _c324274
_d324274